00293nam a2200085Ia 4500008004100000020001500041245010800056260002800164300001500192151021s9999 xx 000 0 und d a9966740112 a_Accounting Technicians Certificate Examination Information Booklet, Regulations and Syllabus / KASNEB  aNairobi : Kasneb, 2009  axvi,31 p.